000 00275nam a22001217a 4500
008 230704b xxu||||| |||| 00| 0 eng d
082 _a362.1
_bWHO 1987
245 _aWorld Health Forum
260 _bWHO
_c1987
300 _a559p
440 _n4
_v8
_x02512432
942 _2ddc
_cBK
999 _c3773
_d3773